000 01048nam a2200289Ia 4500
003 GCL
008 140319s9999 xx 000 0 ara d
020 _a0231101977
040 _aGCL /
_cGCL
082 0 4 _a791.4352
_bح د
100 1 _aحسين حلمى
245 1 0 _aدراما الشاشة بين النظرية والتطبيق للسينما والتليفزيون(ج2 متاح منة 5 نسخ) /
_cحسين حلمى
260 _aالقاهرة :
_bالهيئة المصرية العامة للكتاب ،
_c1990
300 _a295,281 ص ؛
_c24 سم
490 _aالالف كتاب الثانى
_v83
650 0 4 _aالات التصوير
650 0 4 _aالمسرحية العربية
650 0 4 _aالمسرحيات
650 0 4 _aالمؤلفون
650 0 4 _aالسينما
650 0 4 _aالتصوير السينمائى
650 0 4 _aالتأليف
650 0 4 _aالانتاج التليفزيونى
650 0 4 _aالتصوير التليفزيونى
650 0 4 _aشرائح الافلام
942 _2ddc
_cBK
999 _c29563
_d29563